00883cam a22002651 4500001001300000003000400013005001700017008004100034010001700075035002000092040004100112042001200153050003000165082001200195110003600207245006300243260002300306300002500329490007500354500004800429650003700477650003900514650004700553999001700600e 43000133 DLC20260227111231.0881109s1943 kyu 000 0 eng c ae 43000133  a(OCoLC)18727336 aU.S. Off. of Educ. LibrarycMsUdDLC apremarc00aL152b.B35 vol. 11, no. 6 a371.1331 aKentucky.kLaws, statutes, etc.10aCodified regulations, teacher education and certification. a[Frankfort,c1943] a[311]-352 p.c23 cm.0 aKentucky. Dept. of Education. Educational bulletin ...vVol. XI, no. 6 aAt head of title: Commonwealth of Kentucky. 0aTeachersxTraining ofzKentucky. 0aTeachersxCertificationzKentucky. 0aEducational law and legislationzKentucky. c21936d21936